Les notions d'administration et de juridiction: leur nature et leurs relations
Guardat en:
| Autor principal: | |
|---|---|
| Format: | Llibre |
| Idioma: | francès |
| Publicat: |
París
Librairie Générale de Droit et de Jurisprudence
1968
|
| Matèries: | |
| Etiquetes: |
Afegir etiqueta
Sense etiquetes, Sigues el primer a etiquetar aquest registre!
|
MARC
| LEADER | 00000nam a2200000 a 4500 | ||
|---|---|---|---|
| 001 | UCS0446 | ||
| 003 | CL-VaPUC | ||
| 005 | 20220115074039.0 | ||
| 008 | 970426e19680000FR |||||||||||||||||fre|d | ||
| 999 | |c 258674 |d 258672 | ||
| 040 | |c Pontificia Universidad Católica de Valparaíso | ||
| 082 | 0 | 4 | |a 342.06 |b TSO |2 21 |
| 100 | 0 | |a Tsoutsos, Athos G |e author |9 383951 | |
| 245 | 1 | 4 | |a Les notions d'administration et de juridiction: leur nature et leurs relations |
| 260 | |a París |b Librairie Générale de Droit et de Jurisprudence |c 1968 | ||
| 300 | |a 61 p | ||
| 583 | |a last modification |c 19970426 00:00:00 |k Rodrigo Vera | ||
| 600 | |a Kelsen, Hans |d 1881-1973 |9 859087 | ||
| 650 | 0 | |a Jurisprudencia |9 255952 | |
| 650 | 0 | |a Derecho administrativo |9 254851 | |
| 650 | 0 | |a Administración pública |9 255343 | |
| 650 | 0 | |a Derecho comparado |9 255664 | |
| 650 | 0 | |a Teoría del derecho |9 255982 | |
| 651 | 0 | |a Alemania |9 255688 | |
| 651 | 0 | |a Francia |9 255157 | |
| 852 | |a BIBCUR | ||
| 942 | |c BK |2 ddc | ||
| 945 | |d 19970426 00:00:00 |a cmena | ||
| 952 | |0 0 |1 0 |2 ddc |4 0 |6 342_060000000000000_TSO_1968 |7 0 |8 A |9 282936 |a BIBDER |b BIBDER |d 2019-11-19 |i 1837524 |o 342.06 TSO 1968 |p 1837524 |r 2019-11-19 |w 2019-11-19 |y MX |k DER | ||